000 00711nam a2200289Ia 4500
005 20260324150424.0
008 008 260324s9999 xx 000 0 eng d
020 _a9780203706978
037 _aEBOOK
040 _aCRL
040 _beng
040 _cCRL
041 _2eng
041 _aeng
084 _qCRL
100 _aMary Sturt
245 4 _aThe Education of the People
245 2 _bA History of Primary Education in England and Wales in the Nineteenth Century
260 _bTaylor and Francis
260 _c1967
365 _a
365 _b480
856 _uhttp://www.taylorfrancis.com/books/9780203706978
942 _cEBOOK
999 _c1835789
_d1835789